Capture gamma-ray spectroscopy and related topics : 2 - 6 september, 2002 pruhonice near prague, Czech Republic
This volume is a collection of invited talks, oral contributions and poster contributions devoted to advances in gamma-ray spectroscopy of various capture reactions. In agreement with the trend of previous meetings in the series, the symposium paid special attention to theoretical and experimental s...
Gorde:
| Formatua: | Liburua |
|---|---|
| Hizkuntza: | Undetermined |
| Argitaratua: |
New Jersey
World Scientific
2003
|
| Gaiak: | |
| Etiketak: |
Etiketa erantsi
Etiketarik gabe, Izan zaitez lehena erregistro honi etiketa jartzen!
|
| Thư viện lưu trữ: | Trung tâm Học liệu Trường Đại học Cần Thơ |
|---|
| LEADER | 01312nam a2200205Ia 4500 | ||
|---|---|---|---|
| 001 | CTU_156164 | ||
| 008 | 210402s9999 xx 000 0 und d | ||
| 020 | |c 301.00 | ||
| 082 | |a 539.7 | ||
| 082 | |b C236 | ||
| 245 | 0 | |a Capture gamma-ray spectroscopy and related topics : | |
| 245 | 0 | |b 2 - 6 september, 2002 pruhonice near prague, Czech Republic | |
| 245 | 0 | |c Editors, J. Kvasil, P. Cejnar, M. Krticka | |
| 260 | |a New Jersey | ||
| 260 | |b World Scientific | ||
| 260 | |c 2003 | ||
| 520 | |a This volume is a collection of invited talks, oral contributions and poster contributions devoted to advances in gamma-ray spectroscopy of various capture reactions. In agreement with the trend of previous meetings in the series, the symposium paid special attention to theoretical and experimental studies of nuclear structure at low energies and to nuclear astrophysics. Among the other topics covered are: statistical properties of nuclei and other quantum many-body systems, fundamental physics, nuclear data, practical application of capture reactions, and new techniques and facilities for capture gamma-ray spectroscopy. | ||
| 650 | |a Nuclear structure,Nuclear astrophysics,Cấu trúc hạt nhân,Thiên thể hạt nhân | ||
| 904 | |i QHieu | ||
| 980 | |a Trung tâm Học liệu Trường Đại học Cần Thơ | ||